[Event "ESP-ch U14 rapid"]
[Site "Salobrena"]
[Date "2023.07.23"]
[Round "6"]
[White "Valdivia Khudiakova, Ekaterina"]
[Black "Mata Medina, Andres"]
[Result "0-1"]
[WhiteElo "1145"]
[BlackElo "1629"]
[PlyCount "80"]
[EventDate "2023.07.22"]
[EventType "swiss (rapid)"]
[EventRounds "9"]
[EventCountry "ESP"]
[SourceTitle "EXT 2024"]
[Source "ChessBase"]
[SourceDate "2023.10.10"]
[SourceVersion "1"]
[SourceVersionDate "2023.10.10"]
[SourceQuality "1"]

1. Nf3 Nf6 2. d4 d5 3. e3 c5 4. c3 Nc6 5. Bd3 e6 6. Nbd2 b6 7. 0-0 Bb7 8. e4 dxe4 9. Nxe4 cxd4 10. Nxf6+ gxf6 11. cxd4 Qd5 12. Re1 Nxd4 13. Qa4+ Nc6 14. Be4 b5 15. Qc2 Qc5 16. Bxc6+ Bxc6 17. Qxc5 Bxc5 18. Be3 Bxe3 19. Rxe3 Bxf3 20. Rxf3 Ke7 21. Re1 Rhd8 22. Rh3 Rd2 23. Rxh7 Rxb2 24. Rh5 a6 25. a3 Rb3 26. Rc5 Rd8 27. Rc7+ Rd7 28. Rxd7+ Kxd7 29. Rd1+ Ke7 30. g3 Rxa3 31. Rc1 b4 32. h4 b3 33. Kg2 b2 34. Rb1 Rb3 35. h5 a5 36. h6 Kf8 37. h7 Kg7 38. Rh1 Kh8 39. Rb1 a4 40. g4 a3 0-1

[Event "ESP-ch U10"]
[Site "Salobrena"]
[Date "2020.07.24"]
[Round "8"]
[White "San Vicente Crespo, Pablo"]
[Black "Valdivia Khudiakova, Ekaterina"]
[Result "1-0"]
[WhiteElo "1293"]
[BlackElo "1021"]
[PlyCount "67"]
[EventDate "2020.07.20"]
[EventType "swiss"]
[EventRounds "9"]
[EventCountry "ESP"]
[SourceTitle "EXT 2021"]
[Source "ChessBase"]
[SourceDate "2020.10.23"]
[SourceVersion "1"]
[SourceVersionDate "2020.10.23"]
[SourceQuality "1"]

1. e4 d5 2. exd5 Nf6 3. Bb5+ c6 4. dxc6 Nxc6 5. Nf3 Bf5 6. d4 e6 7. Ne5 Qd5 8. Bxc6+ bxc6 9. 0-0 Bd6 10. c4 Qa5 11. Bd2 Qc7 12. Nf3 Bg4 13. h3 Bh5 14. Nc3 c5 15. Nb5 Qb8 16. Nxd6+ Qxd6 17. Qa4+ Kf8 18. dxc5 Qc7 19. Ba5 Qb7 20. c6 Qb8 21. c7 Qb7 22. Rad1 Ke7 23. Bb4+ Qxb4 24. Qxb4+ Ke8 25. Qb8+ Ke7 26. Qb4+ Ke8 27. Rd8+ Rxd8 28. cxd8Q+ Kxd8 29. Qb8+ Ke7 30. Qxh8 Bxf3 31. gxf3 g5 32. Qc8 Nd7 33. Rd1 Nb6 34. Qd8# 1-0

[Event "ESP-ch U10"]
[Site "Salobrena"]
[Date "2020.07.20"]
[Round "2"]
[White "Najar Arrieta, Oriol"]
[Black "Valdivia Khudiakova, Ekaterina"]
[Result "1-0"]
[WhiteElo "1246"]
[BlackElo "1021"]
[PlyCount "49"]
[EventDate "2020.07.20"]
[EventType "swiss"]
[EventRounds "9"]
[EventCountry "ESP"]
[SourceTitle "EXT 2021"]
[Source "ChessBase"]
[SourceDate "2020.10.23"]
[SourceVersion "1"]
[SourceVersionDate "2020.10.23"]
[SourceQuality "1"]

1. e4 d5 2. exd5 Qxd5 3. Nc3 Qd6 4. Nf3 Nc6 5. Bb5 Nf6 6. 0-0 g6 7. d4 a6 8. Ba4 b5 9. Bb3 Bg7 10. d5 Nd8 11. h3 0-0 12. Qe2 Re8 13. Ne4 Nxe4 14. Qxe4 Bf5 15. Qe2 Bd7 16. Ng5 c6 17. dxc6 Bxc6 18. c4 bxc4 19. Rd1 Bd4 20. Qxc4 Ne6 21. Nxe6 Qg3 22. Qxc6 Qxf2+ 23. Kh1 Be5 24. Qf3 Qxf3 25. gxf3 1-0